|
|
|
|
| LEADER |
00000nam a2200000Ii 4500 |
| 001 |
DIGEDUNAV0045 |
| 003 |
NyNyDIG |
| 006 |
m o d |
| 007 |
cr ||||||||||| |
| 008 |
220611s2007 sp ob 100 0 spa d |
| 035 |
|
|
|a (OCoLC)1333702122
|
| 040 |
|
|
|a DGITA
|b eng
|e rda
|e pn
|c DGITA
|
| 020 |
|
|
|z 9788431324438
|
| 050 |
1 |
4 |
|a BX1970 ebook
|
| 082 |
0 |
4 |
|a 264.02
|
| 245 |
0 |
3 |
|a La liturgia en la vida de la iglesia :
|b culto y celebración /
|c edicion dirigida por José Luis Gutiérrez-Martín, Félix María Arocena y Pablo Blanco.
|
| 264 |
|
1 |
|a Pamplona, España :
|b EUNSA, Ediciones Universidad de Navarra,
|c [2007]
|
| 300 |
|
|
|a 1 online resource.
|
| 336 |
|
|
|a text
|b txt
|2 rdacontent
|
| 337 |
|
|
|a computer
|b c
|2 rdamedia
|
| 338 |
|
|
|a online resource
|b cr
|2 rdacarrier
|
| 347 |
|
|
|a text file
|2 rdaft
|
| 347 |
|
|
|b PDF
|
| 490 |
1 |
|
|a Simposios internacionales de teología ;
|v 27
|
| 500 |
|
|
|a "Los estudios recogidos proceden de las intervenciones pronunciadas en el XXVII Simposio Internacional de Teología, organizado por la Universidad de Navarra"--Page 10.
|
| 504 |
|
|
|a Includes bibliographical references.
|
| 588 |
0 |
|
|a Online resource; title from PDF title page (Digitalia, viewed June 11, 2022)
|
| 610 |
2 |
0 |
|a Catholic Church
|x Liturgy
|v Congresses.
|
| 655 |
|
0 |
|a Electronic books.
|
| 700 |
1 |
|
|a Gutiérrez-Martín, José Luis,
|e editor.
|
| 700 |
1 |
|
|a Arocena, Félix María,
|e editor.
|
| 700 |
1 |
|
|a Blanco, Pablo,
|e editor.
|
| 711 |
2 |
|
|a Simposio Internacional de Teología de la Universidad de Navarra
|n (27th :
|d 2006 :
|c Pamplona, Spain)
|
| 791 |
2 |
|
|a Digitalia (Firm),
|e distributor.
|
| 793 |
0 |
|
|g Digitalia eBook Collection:
|a Ediciones Universidad de Navarra
|
| 776 |
0 |
8 |
|i Print version:
|t Liturgia en la vida de la iglesia.
|b Primera edición.
|d Pamplona, España : EUNSA, Ediciones Universidad de Navarra, [2007]
|z 9788431324438
|
| 830 |
|
0 |
|a Simposios internacionales de teología ;
|v 27.
|
| 856 |
4 |
0 |
|3 Digitalia Hispánica
|u https://www.digitaliapublishing.com/a/51350/
|
| 910 |
|
|
|a Premium collection: 2022
|